Amministrare l'urbanistica / (Registro nro. 1176)
[ vista simple ]
| 000 -CABECERA | |
|---|---|
| campo de control de longitud fija | 00779cam a2200229 a 4500 |
| 001 - NÚMERO DE CONTROL | |
| campo de control | 000001228 |
| 005 - FECHA Y HORA DE LA ÚLTIMA TRANSACCIÓN | |
| campo de control | 20260204104946.0 |
| 008 - DATOS DE LONGITUD FIJA--INFORMACIÓN GENERAL | |
| campo de control de longitud fija | 810220s1967 it abc r 001 0 ita |
| 040 ## - FUENTE DE LA CATALOGACIÓN | |
| Centro catalogador/agencia de origen | DO-SdBNP |
| Centro/agencia transcriptor | spa |
| Centro/agencia modificador | BNPHU |
| 082 ## - NÚMERO DE LA CLASIFICACIÓN DECIMAL DEWEY | |
| Número de clasificación | 711.4 |
| Número de documento/Ítem | C198a |
| 100 1# - ENTRADA PRINCIPAL--NOMBRE DE PERSONA | |
| Nombre de persona | Campos Venuti, Giuseppe, |
| Fechas asociadas al nombre | 1926- |
| 9 (RLIN) | 4181 |
| 245 10 - MENCIÓN DE TÍTULO | |
| Título | Amministrare l'urbanistica / |
| Mención de responsabilidad, etc. | Giuseppe Campos Venuti. |
| 260 ## - PUBLICACIÓN, DISTRIBUCIÓN, ETC. | |
| Lugar de publicación, distribución, etc. | Torino, Italia : |
| Nombre del editor, distribuidor, etc. | Giulio Einaudi, |
| Fecha de publicación, distribución, etc. | 1967. |
| 300 ## - DESCRIPCIÓN FÍSICA | |
| Extensión | 300 p. : |
| Otras características físicas | il. ; |
| Dimensiones | 19 cm. |
| 490 0# - MENCIÓN DE SERIE | |
| Mención de serie | Picola biblioteca einaudi |
| Designación de volumen o secuencia | 97 |
| 590 ## - NOTA LOCAL (RLIN) | |
| Nota local | Inventariado, 2019/BT |
| 650 #4 - PUNTO DE ACCESO ADICIONAL DE MATERIA--TÉRMINO DE MATERIA | |
| Término de materia o nombre geográfico como elemento de entrada | Ciudades y pueblos |
| Subdivisión geográfica | Italia |
| 9 (RLIN) | 4182 |
| 650 #0 - PUNTO DE ACCESO ADICIONAL DE MATERIA--TÉRMINO DE MATERIA | |
| Término de materia o nombre geográfico como elemento de entrada | Rehabilitación urbana |
| 9 (RLIN) | 4183 |
| 650 #4 - PUNTO DE ACCESO ADICIONAL DE MATERIA--TÉRMINO DE MATERIA | |
| Término de materia o nombre geográfico como elemento de entrada | Organización de la comunidad |
| 9 (RLIN) | 4184 |
| 650 #4 - PUNTO DE ACCESO ADICIONAL DE MATERIA--TÉRMINO DE MATERIA | |
| Término de materia o nombre geográfico como elemento de entrada | Protección del medio ambiente |
| 9 (RLIN) | 4185 |
| 830 #0 - PUNTO DE ACCESO ADICIONAL DE SERIE-TÍTULO UNIFORME | |
| Título uniforme | Picola biblioteca einaudi |
| Número de parte o sección de la obra | 97 |
| 9 (RLIN) | 4186 |
| Estado de retiro | Estado de pérdida | No para préstamo | Código de colección | Localización permanente | Ubicación/localización actual | Ubicación en estantería | Fecha de adquisición | Número de inventario | Total de préstamos | Signatura topográfica completa | Código de barras | Fecha visto por última vez | Precio válido a partir de | Tipo de ítem Koha | Número de copia |
|---|---|---|---|---|---|---|---|---|---|---|---|---|---|---|---|
| Préstamo en sala | Dominicana de Servicio | Biblioteca Nacional Pedro Henríquez Ureña | Biblioteca Nacional Pedro Henríquez Ureña | Depósito | 04.09.2009 | LF1 | 711.4 C198a | 1228-10 | 25.06.2020 | 25.06.2020 | Libros y folletos | ||||
| Extraviado | Préstamo en sala | Dominicana de Servicio | Biblioteca Nacional Pedro Henríquez Ureña | Biblioteca Nacional Pedro Henríquez Ureña | Extraviado | 20.04.2017 | LF1 | 711.4 C198a | 1228-20 | 25.06.2020 | 25.06.2020 | Libros y folletos | e.2 |
